| 000 | 00999cam a2200241 4500 | ||
|---|---|---|---|
| 001 | ABS61414 | ||
| 008 | 000000n1999 000 0 eng u | ||
| 035 | _a(Sirsi) u100661 | ||
| 100 | _aBibby, A. | ||
| 245 | _aSustainable Suffolk - preparing the ground for telework | ||
| 260 | _c1999 | ||
| 490 |
_aFlexible Working _v4(6) September 1999, 20-21(2) |
||
| 520 | _aSuffolk local authority is examining a range of flexible work options, including hotdesking and teleworking. Since 1996 there has been a home-based telework programme. Outlines the provisions of the tele/homeworking policy document. Also reports on an agreement with the Inland Revenue, which allows staff to get a proportion of tax relief on their work-incurred home expenses. | ||
| 590 | _aABS | ||
| 650 | _aTELEWORKING | ||
| 650 | _aHOTDESKING | ||
| 650 | _aINLAND REVENUE | ||
| 650 | _aSUFFOLK | ||
| 650 | _aLOCAL AUTHORITIES | ||
| 650 | _aTAX RELIEF | ||
| 690 | _aOFFICE SERVICES AND ADMINISTRATION | ||
| 942 | _n0 | ||
| 999 |
_c60205 _d60205 |
||